| 000 | 01253nam a22003497a 4500 | ||
|---|---|---|---|
| 003 | CHAP | ||
| 005 | 20220329135818.0 | ||
| 008 | 971013s1986 r 00010 d | ||
| 010 | _a42639 | ||
| 011 | _a43611 | ||
| 035 | _a47747 | ||
| 040 | _cCHAP | ||
| 082 |
_a333.72 _bM34 |
||
| 100 | 0 | 0 |
_aMackinnon, John _ecomp. _969458 |
| 245 | _aManaging protected areas in the tropics | ||
| 260 |
_aGland, Switzerland : _bInternational Union for Conservation of Nature and Natural Resources, _c1986 |
||
| 300 |
_a295 p. _b: ilus. |
||
| 590 |
_aBATCH-UPD _b10 _c20130109 _lUCH01 _h2330 |
||
| 590 |
_aBATCH-UPD _b10 _c20130110 _lUCH01 _h0130 |
||
| 590 |
_aBATCH-UPD _b10 _c20130110 _lUCH01 _h1638 |
||
| 590 |
_aBATCH-UPD _b10 _c20130409 _lUCH01 _h1855 |
||
| 590 |
_aBATCH-UPD _b10 _c20130410 _lUCH01 _h1029 |
||
| 590 |
_aBATCH-UPD _b10 _c20130914 _lUCH01 _h1737 |
||
| 590 |
_aCONVERSION _b10 _c20130109 _lUCH01 _h1323 |
||
| 650 | 1 | 4 |
_aÁreas protegidas _xTropicos. _96875 |
| 650 | 1 | 4 |
_aRecursos naturales _xConservación _xTrópicos. _995254 |
| 650 | 1 | 4 |
_aVida silvestre _xConservación _xTrópicos. _9119171 |
| 700 | 0 |
_aMackinnon, Kathy. _969459 |
|
| 901 | _aBK | ||
| 942 | _cLIBRO | ||
| 949 |
_a333.72 M34 _bBC _cLIBRO _d33724000009015 _eLIBRO _gI.174689 _h89041 _i47747 _si _t148.38 |
||
| 999 |
_c42639 _d42639 |
||